45 Famous People from Sweden - Statistics

General Stats
  • This quiz has been taken 442 times
    159 since last reset
  • The average score is 18 of 45
Answer Stats
Hint Answer % Correct
Chemist who invented dynamite Alfred Nobel
83%
Tennis player who won 11 Grand Slam singles titles Björn Borg
73%
DJ who produced hits Sunshine and Levels Avicii
72%
Actress who played in Casablanca {Ingrid} Bergman
72%
Environmental activist and the leader of protests against global warming Greta Thunberg
70%
Sweden's all time leading scorer Zlatan Ibrahimović
65%
King of Sweden since 1973 Carl XVI Gustaf
64%
Female singer who achieved national fame at the age of 10 {Zara} Larsson
64%
One of the most accomplished and influential filmmakers of all time {Ingmar} Bergman
59%
Author of popular stories of Pippi Longstocking Astrid Lindgren
55%
Prime Minister of Sweden assassinated in 1986 Olof Palme
55%
Actor and the father of actors Alexander, Gustaf, Bill and Valter Stellan Skarsgard
55%
Scientist who developed a thermometer Andres Celsius
54%
Men's pole vault world record holder Armand Duplantis
54%
Singer who won the Eurovision Song Contest in 2012 and 2023 Loreen
53%
Members of pop group ABBA Benny Andersson
50%
Crown Princess of Sweden, Duchess of Västergötland and the heir to the throne Victoria
50%
Members of pop group ABBA Björn Ulvaeus
47%
Author of the Millennium trilogy {Stieg} Larsson
47%
UN secretary-general killed in a 1961 plane crash in Africa Dag Hammarskjöld
42%
Business magnate and founder of IKEA Ingvar Kamprad
42%
Football coach who managed the national team of England Sven-Göran Eriksson
42%
Actress and a star of both silent film and early talkies Greta Garbo
39%
Members of pop group ABBA Agnetha Fältskog
36%
Actress who starred as Lara Croft in Tomb Raider Alicia Vikander
34%
Naturalist who created a central classification system of living beings Carl Linnaeus
34%
Alpine skier, slalom and giant slalom specialist Ingemar Stenmark
31%
First Swedish woman to win an Olympic gold medal in swimming Sarah Sjöström
30%
Members of pop group ABBA Anni-Frid Lyngstad
27%
Tennis player who won 6 Grand Slam singles titles Stefan Edberg
27%
Actor who portrayed He-Man in the Masters of the Universe movie Dolph Lundgren
26%
Former world No.1 tennis player and commentator on Eurosport Mats Wilander
26%
Lisbeth Salander in The Girl with the Dragon Tattoo Noomi Rapace
25%
Minister for Foreign Affairs of Sweden assassinated in 2003 Anna Lindh
24%
One of the most successful female golfers in history Annika Sörenstam
24%
Female singer of the pop rock duo Roxette Marie Fredriksson
24%
Actress, model, and sex symbol, best known for her role in film La Dolce Vita Anita Ekberg
21%
The longest serving president of UEFA Lennart Johansson
21%
Actress who played Lady Jessica in Dune movies Rebecca Ferguson
21%
Ice hockey defenseman who played entire career in Detroit Red Wings Nicklas Lidström
18%
“Super Swede” driver who was killed in an accident in 1978 Ronnie Peterson
18%
Actor who played in The Seventh Seal Max von Sydow
17%
Voted as the Handball Player of the Century Magnus Wislander
13%
Female singer who performed a duet "7 Seconds" with Youssou N'Dor Neneh Cherry
13%
Actress and wife of film director Lasse Hallström Lena Olin
12%
No matching quizzes found
Score Distribution
Percent of People with Each Score
Percentile by Number Answered
Your Score History
You have not taken this quiz since the last reset